| 000 | 01329nam a22003377a 4500 | ||
|---|---|---|---|
| 003 | EG-ScBUE | ||
| 005 | 20220307103723.0 | ||
| 008 | 110530s2010 ua f 000 f1eeng d | ||
| 020 | _a9774163400 | ||
| 020 | _a9789774163401 | ||
| 040 |
_aEG-ScBUE _beng _erda _cEG-ScBUE _dEG-ScBUE |
||
| 041 | 1 |
_aeng _hara |
|
| 082 | 0 | 4 |
_222 _a892.736 _bMEG |
| 100 | 1 |
_924471 _aʻAbd al-Majīd, Bahāʼ, _eauthor. |
|
| 245 | 1 | 0 |
_aSaint Theresa and sleeping with strangers / _cBahaa Abdelmegid ; translated by Chip Rossetti. |
| 264 | 1 |
_aCairo : _bThe American University in Cairo Press, _c2010. |
|
| 300 |
_a203 pages ; _c21 cm. |
||
| 336 |
_2rdacontent _atext _btxt |
||
| 337 |
_2rdamedia _aunmediated _bn |
||
| 338 |
_2rdacarrier _avolume _bnc |
||
| 490 | 0 | _aModern Arabic literature | |
| 500 | _aTitle on cover: Saint Theresa ; and, Sleeping with Strangers : Two Modern Novellas/ Translated by Chip Rossetti | ||
| 500 | _aOriginally published in Arabic: 2001- 2005, Sant Tereza; al-Nawm ma' al-ghuraba' | ||
| 546 | _aText in English ; translated from the Arabic. | ||
| 650 | 7 |
_919403 _aYoung women _zEgypt _vFiction. _2BUEsh |
|
| 651 | 7 |
_924470 _aEgypt _xHistory _y20th century _vFiction. _2BUEsh |
|
| 653 |
_cMay2011 _bARALIT |
||
| 655 |
_aArabic fiction _vReading book |
||
| 700 | 1 |
_924472 _aRossetti, Chip _etranslator. |
|
| 942 |
_2ddc _cBB |
||
| 999 |
_c15477 _d15477 |
||